BIBLIOTECA “JULIO CORTÁZAR”
ESCUELA AGROTÉCNICA “LIBERTADOR GENERAL SAN MARTÍN” - UNR – CASILDA

Logo Escuela Logo UNR

El agro como negocio : (Record no. 2383)

MARC details
000 -LEADER
campo de control de longitud fija 00838nam#a22002895a#4500
001 - NÚMERO DE CONTROL
campo de control 2383
020 ## - NÚMERO INTERNACIONAL ESTÁNDAR DEL LIBRO
Número Internacional Estándar del Libro 9789876911436
080 ## - NÚMERO DE LA CLASIFICACIÓN DECIMAL UNIVERSAL
Número de la Clasificación Decimal Universal 631.15/16
084 ## - OTRO NÚMERO DE CLASIFICACIÓN
Número de clasificación G79
040 ## - FUENTE DE CATALOGACIÓN
Centro catalogador/agencia de origen AR-ClEAG
Centro/agencia transcriptor AR-ClEAG
008 - DATOS DE LONGITUD FIJA--INFORMACIÓN GENERAL
campo de control de longitud fija 140812s2013####ag#a###f#a####001#0#spa#d
005 - FECHA Y HORA DE LA ÚLTIMA TRANSACCIÓN
campo de control 20241107184743.0
003 - IDENTIFICADOR DE NÚMERO DE CONTROL
campo de control AR-ClEAG
100 1# - ENTRADA PRINCIPAL--NOMBRE DE PERSONA
Nombre de persona Gras, Carla.
245 10 - MENCIÓN DEL TÍTULO
Título El agro como negocio :
Resto del título producción, sociedad y territorios en la globalización /
Mención de responsabilidad, etc. Carla Gras.
250 ## - MENCION DE EDICION
Mención de edición 1ª ed.
260 ## - PUBLICACIÓN, DISTRIBUCIÓN, ETC.
Lugar de publicación, distribución, etc. Buenos Aires :
Nombre del editor, distribuidor, etc. Biblos,
Fecha de publicación, distribución, etc. 2013.
300 ## - DESCRIPCIÓN FÍSICA
Extensión 365 p. ;
Dimensiones 23 cm.
490 0# - MENCIÓN DE SERIE
Mención de serie Sociedad
653 ## - TÉRMINO DE INDIZACIÓN--NO CONTROLADO
Término no controlado Patrones de expansión de la frontera agrícola
653 ## - TÉRMINO DE INDIZACIÓN--NO CONTROLADO
Término no controlado Agrociudades pampeanas
653 ## - TÉRMINO DE INDIZACIÓN--NO CONTROLADO
Término no controlado Crisis del algodón
653 ## - TÉRMINO DE INDIZACIÓN--NO CONTROLADO
Término no controlado Modelo biotecnológico agrario
653 ## - TÉRMINO DE INDIZACIÓN--NO CONTROLADO
Término no controlado Expansión sojera
653 ## - TÉRMINO DE INDIZACIÓN--NO CONTROLADO
Término no controlado Sectores dominantes del agro
942 ## - ELEMENTOS DE ENTRADA SECUNDARIOS (KOHA)
Tipo de ítem Koha Libros
980 ## - EQUIVALENCIA O REFERENCIA-CRUZADA-MENCIÓN DE SERIE--NOMBRE DE PERSONA/TÍTULO [LOCAL, CANADÁ]
Enlace 2
Nombre de persona Evangelina Gallicchio
Enlace entre campo y número de secuencia 2
Información miscelánea Evangelina Gallicchio
Holdings
Estatus retirado Estado de pérdida Fuente del sistema de clasificación o colocación Estado de daño No para préstamo Biblioteca de origen Biblioteca actual Ubicación en estantería Fecha de adquisición Número de inventario Total de préstamos Signatura topográfica completa Código de barras Visto por última vez Precio de reemplazo Tipo de ítem Koha
    Clasificación decimal universal     Julio Cortázar Julio Cortázar   07/11/2024 4389   R08 631.15/16 G79 4389 07/11/2024 07/11/2024 Libros

Contacto

Biblioteca Julio Cortázar. Escuela Agrotécnica "Libertador San Martín". Universidad Nacional de Rosario
Dirección: Ov. Lagos 1000 - 2170 Casilda - Santa Fe - Argentina
Tel: (54) (03464) 422226.
Fax: (54) (03464) 427789.
E-Mail: biblio-eac@unr.edu.ar